Los Estados Unidos de América: un pueblo en el ejercicio de su soberanía

I tiakina i:
Ngā taipitopito rārangi puna kōrero
Kaituhi rangatōpū: Secretaría de Estado Estados Unidos de América (Author)
Hōputu: Pukapuka
Reo:Pāniora
I whakaputaina: Washington, D.C Secretaría de Estado Estados Unidos de América 1970
Ngā marau:
Ngā Tūtohu: Tāpirihia he Tūtohu
Kāore He Tūtohu, Me noho koe te mea tuatahi ki te tūtohu i tēnei pūkete!

MARC

LEADER 00000nam a2200000 a 4500
001 UCT9579
003 CL-VaPUC
008 970411e19700000US |||||||||||||||||spa|d
082 0 4 |a 321.804  |b SEC  |2 21 
110 2 |a Secretaría de Estado Estados Unidos de América  |e author  |9 382415 
245 1 4 |a Los Estados Unidos de América: un pueblo en el ejercicio de su soberanía 
300 |a 131 p 
942 |c BK 
945 |d 19970411 00:00:00  |a paguirre 
260 |a Washington, D.C  |b Secretaría de Estado Estados Unidos de América  |c 1970 
650 7 |a SISTEMAS POLITICOS  |2 CL-VaPUC  |9 382416 
650 0 |a Soberanía  |9 266726 
650 0 |a Democracia  |9 255256 
650 0 |a Federalismo  |9 313886 
650 0 |a Constituciones  |9 255417 
651 0 |a Estados Unidos  |9 255178 
583 |a last modification  |c 19970411 00:00:00  |k Rodrigo Vera 
999 |c 257962  |d 257960 
952 |0 0  |1 0  |4 0  |6 321_804000000000000_SEC_1970  |7 0  |8 A  |9 281689  |a BIBDER  |b BIBDER  |d 2019-11-19  |i 182631K  |o 321.804 SEC 1970  |p 182631K  |r 2023-01-25  |w 2019-11-19  |y BK  |k DER